| 000 | 00414nam a2200157Ia 4500 | ||
|---|---|---|---|
| 008 | 210716s2006 xx 000 0 und d | ||
| 020 | _a0131475916 | ||
| 041 | _aeng | ||
| 082 | _a657.0285 ROMM | ||
| 100 | _aRomney, Marshall;Steinbart, Paul. | ||
| 245 | _aAccounting information systems. | ||
| 250 | _a10 | ||
| 260 |
_aNew Jersey _bPearson Education _c2006 |
||
| 300 | _axxiii,805 | ||
| 650 | _aAccounting(657) | ||
| 999 |
_c206054 _d206054 |
||